000 00919nam a22002657a 4500
003 DO-SdBNP
005 20260116105540.0
007 ta
008 110301s2022 dr 000 0 spa d
020 _a9789945181197
040 _aDO-SdBNP
_bspa
_cBNPHU
082 4 _a158.1
_bP438d
_222
100 1 _aPérez, Jennifer
_953018
245 1 0 _aDosis de psicología :
_bautoayuda psicológica que te proporciona herramientas para mejorar tu salud psicoconductual /
_cJennifer Pérez
260 _aSanto Domingo :
_bSoto Castillo,
_c2022.
300 _a145 p. :
_c23 cm.
500 _aIncluye datos biográficos del autor en la contraportada.
590 _aInventariado, 2022/ YL
650 0 _aPsicología aplicada
_91579
650 0 _aConducta (Psicología)
_9673
650 4 _aPsicología individual
_91807
650 0 _aEmociones
_9156
910 _aYLockward/Validado. Control de calidad MFF
942 _2ddc
_cLBS1
999 _c52750
_d52750